000 00375nam a2200157Ia 4500
008 210210b1923 xxu||||| |||| 00| 0 eng d
041 _aeng
082 _a825/441
100 _aHUSTON (P H)
245 _aDoctor johnson
260 _aCambridge
_bHarvard University Press
_c1923
650 _ajohnson
650 _aDoctor
690 _aEnglish Criticism
906 _a014757
999 _c133976
_d133976